00474nam a2200193 a 4500001001300000003000900013005001700022008004100039020001000080082001600090100001800106245002300124260003200147300000800179500003500187505001000222650003000232700001800262nice12345678IN_TiNIC20260116011537.0050524s1882 lona grp 000 0 per  ac10000a891.51bMAN aManoochehri,  aDiwan-E-Manochehri aLondon bNo Publisherc1882 a00p aincludes index and biblioraphy2 aIndex aPersian Poetry-Manochehri1 aManoochehri,